[Event "Moscow Botvinnik Memorial Cup"]
[Site "Moscow"]
[Date "2024.09.09"]
[Round "9.30"]
[White "Ahmedov, Ali"]
[Black "Nikitenko, Mihail"]
[Result "0-1"]
[WhiteElo "1797"]
[BlackElo "2529"]
[PlyCount "64"]
[EventDate "2024.09.04"]
[EventType "team-tourn"]
[EventRounds "9"]
[EventCountry "RUS"]
[SourceTitle "EXT 2025"]
[Source "ChessBase"]
[SourceDate "2024.10.14"]
[SourceVersion "1"]
[SourceVersionDate "2024.10.14"]
[SourceQuality "1"]
[WhiteTeam "Turkmenistan"]
[BlackTeam "Belarus"]
[WhiteTeamCountry "TKM"]
[BlackTeamCountry "BLR"]

1. e4 c5 2. c3 g6 3. d4 d5 4. dxc5 dxe4 5. Qxd8+ Kxd8 6. Bc4 f5 7. f3 Nf6 8. Be3 Nbd7 9. f4 Ng4 10. Bd4 e5 11. fxe5 Ngxe5 12. b4 Bh6 13. Na3 Re8 14. Ke2 a6 15. Rd1 Kc7 16. g3 Nf6 17. Bxe5+ Rxe5 18. Rd6 Ne8 19. Rd5 Rxd5 20. Bxd5 Nf6 21. Bb3 f4 22. gxf4 Bxf4 23. Nc2 Bg4+ 24. Ke1 Be5 25. Nd4 e3 26. Nge2 Ne4 27. Rf1 Nf2 28. h4 Bf6 29. Be6 Bh5 30. Bd5 Rd8 31. Ne6+ Kb8 32. Rxf2 exf2+ 0-1

[Event "Moscow Botvinnik Memorial Cup"]
[Site "Moscow"]
[Date "2024.09.08"]
[Round "7.22"]
[White "Ahmedov, Ali"]
[Black "Demidov, Mikhail"]
[Result "0-1"]
[WhiteElo "1797"]
[BlackElo "2549"]
[PlyCount "110"]
[EventDate "2024.09.04"]
[EventType "team-tourn"]
[EventRounds "9"]
[EventCountry "RUS"]
[SourceTitle "EXT 2025"]
[Source "ChessBase"]
[SourceDate "2024.10.14"]
[SourceVersion "1"]
[SourceVersionDate "2024.10.14"]
[SourceQuality "1"]
[WhiteTeam "Turkmenistan"]
[BlackTeam "Russia"]
[WhiteTeamCountry "TKM"]
[BlackTeamCountry "RUS"]

1. e4 g6 2. d4 Bg7 3. Nc3 d6 4. f4 Nf6 5. Nf3 0-0 6. Be3 c6 7. Bd3 b5 8. a3 Ng4 9. Bg1 a5 10. h3 Nf6 11. Be3 Ba6 12. 0-0 b4 13. axb4 axb4 14. Ne2 Qb6 15. Bxa6 Nxa6 16. Qd3 Nc7 17. c4 bxc3 18. bxc3 Rxa1 19. Rxa1 Rb8 20. Nd2 Nd7 21. Rb1 Qa7 22. Rxb8+ Qxb8 23. Qb1 Qa8 24. Nc1 h6 25. Qa2 Qb7 26. Qb3 Qc8 27. Qc4 Nb8 28. Nd3 d5 29. Qc5 dxe4 30. Ne5 Nd5 31. Kf2 Bxe5 32. dxe5 Nd7 33. Qd4 Nf8 34. c4 Nxe3 35. Qxe3 Qa6 36. Qxe4 Ne6 37. Nf3 Qa2+ 38. Kg3 Ng7 39. Qxc6 Nh5+ 40. Kh2 Nxf4 41. Nd4 e6 42. Nb5 Qf2 43. Qf3 Qxf3 44. gxf3 Nd3 45. f4 g5 46. c5 Nxc5 47. fxg5 hxg5 48. Kg3 Kg7 49. Kg4 Kg6 50. Nd4 Nd3 51. Nf3 Nf2+ 52. Kg3 Nd1 53. h4 gxh4+ 54. Kxh4 Ne3 55. Kg3 Kf5 0-1